• 首页
  • 本馆介绍
  • 公告通知
  • 最新文献
  • 馆藏检索
  • 电子资源
  • 读者导购
  • 参考咨询
  • 我的图书馆
  • 登录
  • 详细信息显示
  • 放入我的书架
  • 预约/预借图书
  • 作者相关作品
  • 分类相关作品
  • 丛书相关作品
  • 出版社相关作品

书目信息

  • 表格格式
  • 工作单格式
  • 卡片格式
题名:
全球公民社会
    
 
作者: 萨拉蒙 , 索可洛斯基 著 ;陈一梅 译
分册:  
出版信息: 北京   北京大学出版社  2007
页数: 411页
开本: 23cm
丛书名: 清华NGO译丛
单 册:
中图分类: C231
科图分类:
主题词: 社会团体--研究--世界
电子资源:
ISBN: 978-7-301-11523-7
000 01183oam2 2200277 450
001 1261703244
005 20121002170905.59
010    @a978-7-301-11523-7@dCNY39.00
100    @a20111117d2007 em y0chiy0110 ea
101 1  @achi@ceng
102    @aCN@b110000
105    @afk z 000yy
200 1  @a全球公民社会@Aquan qiu gong min she hui@e非营利部门国际指数@dGlobal Civil Society@eDimensions of the Nonprofit Sector,Volume Two@zeng@f(美)莱斯特·M·萨拉蒙, (美)S·沃加斯·索可洛斯基等著@g陈一梅等译
210    @a北京@c北京大学出版社@d2007
215    @a411页@c图表@d23cm
225 2  @a清华NGO译丛
330    @a在本书中,约翰·霍普金斯非营利部门比较项目全面阐述了发展中和发达国家中非营利部门或公民社会部门的范围、规模、组成和资金来源情况。
461  0 @12001 @a清华NGO译丛
510 1  @aGlobal Civil Society@eDimensions of the Nonprofit Sector,Volume Two@zeng
606 0  @a社会团体@x研究@y世界
690    @aC231@v4
701  1 @c(美)@a萨拉蒙@Asa la meng@b莱斯特·M.@gSalamon, Lester M.@4著
701  1 @c(美)@a索可洛斯基@Asuo ke luo si ji@bS·沃加斯@gSokolowski, S.Wojciech@4著
702  0 @a陈一梅@Achen yi mei@4译
801  0 @aCN@bNLC@c20111117
905    @a10447@dC231@eJY88
    
    全球公民社会:非营利部门国际指数=Global Civil Society:Dimensions of the Nonprofit Sector,Volume Two/(美)莱斯特·M·萨拉蒙, (美)S·沃加斯·索可洛斯基等著/陈一梅等译.-北京:北京大学出版社,2007
    411页:图表;23cm.-(清华NGO译丛)
    
    
    ISBN 978-7-301-11523-7:CNY39.00
    在本书中,约翰·霍普金斯非营利部门比较项目全面阐述了发展中和发达国家中非营利部门或公民社会部门的范围、规模、组成和资金来源情况。
●
相关链接 在E读中查询图书 在五车中查询图书 在当当中查询图书 在豆瓣中查询图书


正题名:全球公民社会     索取号:C231/JY88         预约/预借

序号 登录号 条形码 馆藏地/架位号 状态 备注
1 7810179   278101796   学院路分馆/ [索取号:C231/JY88] 在馆    
2 7810180   278101803   学院路分馆/ [索取号:C231/JY88] 在馆    
唐山师范学院图书馆 欢迎您!
大连网信软件有限公司© 版权所有